=LDR 00000nam 2200000 4500 =001 INLIS000000000015318 =005 20130612110610 =008 ***********************************Ind** =035 ##$$0010-061300000015318 =041 ##$$a Ind =082 ##$$a 650.14 =090 ##$$a 650.14, SIE-b =100 ##$$a Siegel, Gonie Meelung =245 ##$$a Bagaimana Mempromosikan Usaha Anda, Gonnie Meelung =260 ##$$a 1992 $b Jakarta =300 ##$$a V, 115, 21 cm =650 ##$$a Bisnis =850 ##$$a NBPNMAT